[Event "47th Reggio Emilia it"]
[Site "Reggio Emilia ITA"]
[Date "2005.01.01"]
[Round "4"]
[White "Komarov, Dimitri"]
[Black "Sciortino, Massimo"]
[Result "1/2-1/2"]
[WhiteElo "2555"]
[BlackElo "2222"]
[EventDate "2004.12.29"]
[PlyCount "37"]

1.d4 d5 2.c4 e6 3.Nc3 Be7 4.Nf3 Nf6 5.Bg5 h6 6.Bh4 O-O 7.e3 Ne4 8.Bxe7 
Qxe7 9.Qc2 c6 10.Bd3 Nxc3 11.Qxc3 Nd7 12.O-O dxc4 13.Qxc4 b6 14.b4 Bb7 15.
Be2 a5 16.a3 axb4 17.axb4 Rxa1 18.Rxa1 Ra8 19.Rxa8+ 1/2-1/2